Riadenie VTR vo VHJ v SSR problémová oblasť U: tvorba a využitie inovácií vo vybraných VHJ

Enregistré dans:
Détails bibliographiques
Format: Livre
Langue:slovaque
Publié: Bratislava Vysoká škola ekonomická 1983
Tags: Ajouter un tag
Pas de tags, Soyez le premier à ajouter un tag!

MARC

LEADER 00000nam a2200000 4500
001 c116419
005 20260325110807.7
041 0 |a slo 
044 |a SK 
245 1 0 |a Riadenie VTR vo VHJ v SSR  |b problémová oblasť U: tvorba a využitie inovácií vo vybraných VHJ 
264 1 |a Bratislava  |b Vysoká škola ekonomická  |c 1983 
300 |a 33, 59, 29, 47 s.